| 000 | 01443 a2200397 4500 | ||
|---|---|---|---|
| 999 |
_c71350 _d19742 |
||
| 001 | 71350 | ||
| 003 | TR-AnTOB | ||
| 005 | 20250114111051.0 | ||
| 008 | 080721s2007 tu tur | ||
| 020 | _a9789750604850 | ||
| 040 |
_aTR-AnTOB _cTR-AnTOB _beng _erda |
||
| 041 | _atur | ||
| 043 | _atu | ||
| 050 |
_aBL820.K9 _bI96 2007 |
||
| 090 | _aBL820.K9 I96 2007 | ||
| 100 |
_aİznik, Erkan _957090 |
||
| 245 | 0 |
_aGalloi Kybele' nin rahipleri / _cErkan İznik, Mustafa Toprak ; İngilizce çev. Rıdvan Tunçel, Almanca çev. Hülya Karakülah, Fransızca çev. Veda Aslım, çizen. Mustafa Toprak. |
|
| 264 | 1 |
_aEskişehir : _bAnadolu Üniversitesi Kütüphane ve Dokümantasyon Merkezi, _c2007. |
|
| 300 |
_a64 s. : _bres. ; _c22 cm. |
||
| 336 |
_2rdacontent _atext _btxt |
||
| 337 |
_2rdamedia _aunmediated _bn |
||
| 338 |
_2rdacarrier _avolume _bnc |
||
| 490 | 0 |
_aAnadolu Üniversitesi Yayınları ; _v1786 _aEğitim Fakültesi Yayınları ; _v103 |
|
| 500 | _aBu yayın Türkçe, İngilizce, Almanca ve Fransızca olmak üzere 4 dilde basılmıştır. | ||
| 600 | 0 | 0 |
_aKibele _c(Tanrıça) _xKült _944498 |
| 651 | 7 |
_aRoma _xUygarlık _2etuturkob _910197 |
|
| 700 |
_aTunçel, Rıdvan _945769 |
||
| 700 |
_aKarakülah, Hülya _945770 |
||
| 700 |
_aAslım, Veda _945771 |
||
| 700 | 1 |
_aToprak, Mustafa, _d1956- _957089 |
|
| 902 | _a0024711 | ||
| 903 | _aMerkez Kütüphane | ||
| 942 |
_cBK _2lcc |
||
| 945 | _aMC, 25.07.2008 | ||